[Event "5th Classic Open 2013"]
[Site "London ENG"]
[Date "2013.12.08"]
[Round "2.14"]
[White "Stephan, Axel"]
[Black "Bok, Benjamin"]
[Result "0-1"]
[BlackTitle "IM"]
[WhiteElo "2250"]
[BlackElo "2540"]
[WhiteFideId "4632834"]
[BlackFideId "1017063"]
[EventDate "2013.12.07"]

1. e4 c5 2. Nc3 e6 3. Nf3 Nc6 4. Bb5 Nd4 5. Nxd4 cxd4 6. Ne2 Qg5 7. Bd3 Qxg2 8.
Ng3 Qh3 9. c3 Bc5 10. b4 Bb6 11. Bb2 dxc3 12. dxc3 Nf6 13. c4 h5 14. e5 Ng4 15.
c5 Bc7 16. Qe2 h4 17. Be4 hxg3 18. hxg3 Nh2 19. O-O-O Qh5 20. Qd2 Bxe5 21. Rxh2
Bxb2+ 22. Qxb2 Qxh2 23. Rh1 Qxh1+ 24. Bxh1 Rxh1+ 25. Kd2 f6 26. Qd4 Rh5 27. Qg4
Rd5+ 28. Kc3 Kf7 29. Qh4 b6 30. a4 bxc5 31. b5 a6 32. b6 a5 33. f4 Ba6 34. g4
Rb8 35. g5 Bd3 0-1

[Event "5th Classic Open 2013"]
[Site "London ENG"]
[Date "2013.12.08"]
[Round "2.16"]
[White "Berry, Neil"]
[Black "Hawkins, Jonathan"]
[Result "1/2-1/2"]
[WhiteTitle "FM"]
[BlackTitle "IM"]
[WhiteElo "2242"]
[BlackElo "2512"]
[WhiteFideId "2400650"]
[BlackFideId "412686"]
[EventDate "2013.12.07"]

1. d4 Nf6 2. c4 g6 3. Nc3 Bg7 4. e4 d6 5. Nf3 O-O 6. h3 e5 7. d5 Nh5 8. Nh2 Qe8
9. Be2 Nf4 10. Bf3 f5 11. g3 Nxh3 12. Bg2 Qf7 13. Qf3 fxe4 14. Qxf7+ Rxf7 15.
Nxe4 Na6 16. Nf1 Nb4 17. Bxh3 Nc2+ 18. Ke2 Bxh3 19. Rxh3 Nxa1 20. Ne3 b5 21. Bd2
bxc4 22. Rh1 Nb3 23. axb3 cxb3 24. Ra1 Bh6 25. Ra3 Rff8 26. Rxb3 Rfb8 27. Rc3
Rb7 28. Rc4 a5 29. Bc3 a4 30. f4 exf4 31. gxf4 Bg7 32. Kd3 Bxc3 33. Nxc3 a3 34.
bxa3 Rxa3 35. Nc2 Rab3 36. Re4 Kf7 37. Nd4 Ra3 38. Ne6 Kf6 39. Rc4 Kf5 40. Nd4+
Kf6 41. Nc2 Ra5 42. Ne3 h5 43. Ne4+ Kg7 44. Ng5 Ra3+ 45. Ke2 h4 46. Re4 Rb2+ 47.
Kf3 Rbb3 48. Ne6+ Kg8 49. Ng5 Kg7 50. Ne6+ Kg8 1/2-1/2

[Event "5th Classic Open 2013"]
[Site "London ENG"]
[Date "2013.12.08"]
[Round "2.17"]
[White "Hamitevici, Vladimir"]
[Black "Britton, Richard L"]
[Result "1-0"]
[WhiteTitle "IM"]
[BlackTitle "FM"]
[WhiteElo "2508"]
[BlackElo "2231"]
[WhiteFideId "13902393"]
[BlackFideId "401692"]
[EventDate "2013.12.07"]

1. d4 Nf6 2. c4 g6 3. g3 Bg7 4. Bg2 O-O 5. Nc3 d6 6. Nf3 Nc6 7. O-O e5 8. d5 Ne7
9. e4 Ne8 10. Bd2 Kh8 11. Rc1 f5 12. Ng5 c6 13. exf5 gxf5 14. dxc6 bxc6 15. Qh5
Nf6 16. Nf7+ Rxf7 17. Qxf7 Bd7 18. Bh6 Qf8 19. Qxg7+ Qxg7 20. Bxg7+ Kxg7 21.
Rfd1 Ne8 22. Nb5 Nc8 23. Nxd6 Ncxd6 24. c5 Nf6 25. cxd6 Rc8 26. Bxc6 1-0

[Event "5th Classic Open 2013"]
[Site "London ENG"]
[Date "2013.12.08"]
[Round "2.19"]
[White "Semcesen, Daniel"]
[Black "Taylor, Peter P"]
[Result "1-0"]
[WhiteTitle "IM"]
[WhiteElo "2488"]
[BlackElo "2222"]
[WhiteFideId "1706993"]
[BlackFideId "402478"]
[EventDate "2013.12.07"]

1. c4 Nf6 2. Nc3 e5 3. Nf3 Nc6 4. g3 d5 5. cxd5 Nxd5 6. Bg2 Nb6 7. O-O Be7 8.
Rb1 O-O 9. b4 a6 10. a3 Re8 11. d3 Bf8 12. Bb2 Rb8 13. Ne4 Bg4 14. Re1 Qd7 15.
Rc1 Nd4 16. Nxd4 exd4 17. Nc5 Bxc5 18. bxc5 Nd5 19. Rc4 Nc3 20. Bxc3 dxc3 21. c6
Qf5 22. cxb7 Qh5 23. Rxc7 Qa5 24. Rc4 Be6 25. Ra4 Qb5 26. Rb4 Qa5 27. Qa4 Qg5
28. Qxe8+ 1-0

[Event "5th Classic Open 2013"]
[Site "London ENG"]
[Date "2013.12.08"]
[Round "2.20"]
[White "Bird, Andrew"]
[Black "Harika, Dronavalli"]
[Result "0-1"]
[BlackTitle "GM"]
[WhiteElo "2229"]
[BlackElo "2487"]
[WhiteFideId "3204502"]
[BlackFideId "5015197"]
[EventDate "2013.12.07"]

1. Nf3 g6 2. g3 Bg7 3. d4 Nf6 4. c4 O-O 5. Bg2 d6 6. Nc3 Nbd7 7. O-O e5 8. e4
exd4 9. Nxd4 Nc5 10. h3 Re8 11. Re1 Bd7 12. Nb3 Na4 13. Nxa4 Bxa4 14. Kh2 Nd7
15. Qc2 Qf6 16. Re2 h5 17. Be3 h4 18. g4 Bxb3 19. axb3 g5 20. Rf1 Qg6 21. e5
Nxe5 22. Bxb7 Rab8 23. Bd5 Bf6 24. Ra1 Qxc2 25. Rxc2 c6 26. Bg2 Rxb3 27. Rxa7
Reb8 28. Bc1 Nd3 29. Be3 Ne5 30. Bc1 Nd3 31. Be3 Rxb2 32. Rxb2 Rxb2 33. Kg1 Ne5
34. Rc7 Nxc4 35. Rxc6 Nxe3 36. fxe3 Rd2 37. Be4 Be5 38. Rc2 Rd1+ 39. Kf2 Kg7 40.
Bg2 Ra1 41. Bd5 Ra5 42. Be4 Ra3 43. Ke2 Bh2 44. Kf2 Ra1 45. Kg2 Bg3 46. Re2 Rd1
47. Bc2 Rc1 48. Be4 Kf6 49. Bd5 Rd1 50. Bb3 Rd3 51. Bc4 Rc3 52. Ba2 Ke7 53. Kf3
Rc1 54. Kg2 f6 55. Bd5 Rd1 56. Bb3 Rb1 57. Bd5 Rb5 58. Bf3 Re5 59. Kf1 Ke6 60.
Kg2 Rc5 61. Be4 Rc3 62. Kf1 d5 63. Bf3 Rd3 64. Ra2 d4 65. Ra6+ Bd6 66. Ke2 Rxe3+
67. Kf2 Kd7 68. Ra7+ Kc8 69. Ra4 Bg3+ 70. Kg2 Rd3 71. Ra2 Be5 72. Ra8+ Kc7 73.
Ra7+ Kb6 74. Ra2 Kc5 75. Rb2 Ra3 76. Rc2+ Kb4 77. Kf2 Bg3+ 78. Kg2 d3 79. Rc1
Ra2+ 80. Kg1 Bf4 81. Rd1 Be3+ 82. Kh1 Kc3 83. Be4 Rd2 84. Ra1 Bc5 85. Rc1+ Kd4
86. Bf3 Rc2 87. Rd1 Ke3 88. Bb7 d2 89. Kg2 Rc1 90. Bf3 Bb4 0-1

[Event "5th Classic Open 2013"]
[Site "London ENG"]
[Date "2013.12.08"]
[Round "2.21"]
[White "Zhou, Yang-Fan"]
[Black "Balint, Vilmos"]
[Result "0-1"]
[WhiteTitle "IM"]
[WhiteElo "2483"]
[BlackElo "2214"]
[WhiteFideId "468584"]
[BlackFideId "718050"]
[EventDate "2013.12.07"]

1. e4 e5 2. Nf3 Nc6 3. Bc4 Nf6 4. d3 d6 5. Ng5 d5 6. exd5 Na5 7. O-O h6 8. Nf3
e4 9. Re1 Nxc4 10. dxc4 Be7 11. Nd4 O-O 12. Nc3 Bb4 13. Bf4 Bxc3 14. bxc3 Bg4
15. Qd2 Re8 16. Rab1 b6 17. Nc6 Qc8 18. h3 Bd7 19. Bxh6 gxh6 20. Qxh6 Nh7 21.
Re3 Kh8 22. Rg3 Rg8 23. Ne5 Be8 24. Re1 Rxg3 25. fxg3 Qf5 26. Ng4 Qg5 27. Rxe4
f5 28. Re5 Bg6 29. Qxg5 Nxg5 30. Ne3 Rf8 31. g4 f4 32. Rxg5 fxe3 33. Re5 Rf4 34.
Rxe3 Rxc4 35. g5 Be4 36. g4 Kg7 37. Kf2 Bxd5 38. Kg3 Re4 39. Rd3 c6 40. Rd4 Re3+
41. Kf4 Rxc3 42. h4 Rxc2 43. Kf5 Rf2+ 44. Ke5 Rxa2 45. h5 Re2+ 46. Kf5 Rf2+ 47.
Ke5 b5 48. Rd1 a5 49. g6 a4 50. Kd6 Re2 51. Rd3 b4 52. Rh3 a3 53. h6+ Kxg6 54.
h7 Re8 0-1

[Event "5th Classic Open 2013"]
[Site "London ENG"]
[Date "2013.12.08"]
[Round "2.23"]
[White "Wells, Peter K"]
[Black "Semprun Martinez, Fernando"]
[Result "1-0"]
[WhiteTitle "GM"]
[WhiteElo "2479"]
[BlackElo "2213"]
[WhiteFideId "400327"]
[BlackFideId "2203170"]
[EventDate "2013.12.07"]

1. d4 Nf6 2. c4 c5 3. d5 e6 4. Nc3 exd5 5. cxd5 d6 6. e4 g6 7. h3 Bg7 8. Nf3 O-O
9. Bd3 b5 10. Nxb5 Re8 11. O-O Nxe4 12. Re1 a6 13. Rxe4 Rxe4 14. Nxd6 Rb4 15.
Nxf7 Kxf7 16. a3 Rb6 17. Ng5+ Kg8 18. d6 Rxd6 19. Bc4+ Kf8 20. Qf3+ Bf6 21. Nf7 1-0

[Event "5th Classic Open 2013"]
[Site "London ENG"]
[Date "2013.12.08"]
[Round "2.24"]
[White "Jetzl, Joerg"]
[Black "Williams, Simon K"]
[Result "1-0"]
[BlackTitle "GM"]
[WhiteElo "2213"]
[BlackElo "2461"]
[WhiteFideId "1601172"]
[BlackFideId "404454"]
[EventDate "2013.12.07"]

1. d4 e6 2. Nf3 f5 3. Nc3 Nf6 4. Bg5 Bb4 5. Qd2 d6 6. a3 Bxc3 7. Qxc3 Nbd7 8. e3
O-O 9. Bd3 h6 10. Bh4 b6 11. Qc4 Kh8 12. Qxe6 g5 13. Qc4 gxh4 14. Nxh4 Rg8 15.
Nxf5 Nf8 16. Nxh6 Rg7 17. d5 Ng4 18. Nxg4 Bxg4 19. f3 Bh5 20. Qd4 Qg5 21. O-O-O
Re8 22. g4 Bf7 23. Be4 Qh4 24. Rdg1 Nd7 25. g5 Bh5 26. Rg3 Ne5 27. f4 Ng4 28.
Bf5 Nf2 29. Rhg1 Rf8 30. Be6 Bg6 31. R1g2 c5 32. dxc6 Re8 33. c7 Rxe6 34. c8=Q+ 1-0

[Event "5th Classic Open 2013"]
[Site "London ENG"]
[Date "2013.12.08"]
[Round "2.26"]
[White "Guthrie, David"]
[Black "Vakhidov, Jahongir"]
[Result "1/2-1/2"]
[BlackTitle "IM"]
[WhiteElo "2195"]
[BlackElo "2452"]
[WhiteFideId "4300505"]
[BlackFideId "14201801"]
[EventDate "2013.12.07"]

1. d4 Nf6 2. c4 c5 3. d5 e5 4. Nc3 d6 5. e4 Nbd7 6. g3 a6 7. a4 g6 8. Bg2 Bg7 9.
Nge2 O-O 10. O-O Ne8 11. Be3 f5 12. Qd2 Ndf6 13. f3 Qe7 14. Rab1 Nh5 15. exf5
gxf5 16. f4 Nhf6 17. h3 e4 18. a5 h5 19. b4 Nd7 20. Na4 Rf6 21. g4 fxg4 22. hxg4
hxg4 23. Ng3 Rh6 24. Nf5 Qf6 25. Nxh6+ Qxh6 26. bxc5 dxc5 27. Bxe4 Nd6 28. Bd3
Qh3 29. Rbe1 Nf6 30. Qh2 Qxh2+ 31. Kxh2 Bf5 32. Bxf5 Nxf5 33. Bxc5 Kf7 34. Nb6
Rh8+ 35. Kg2 Rh3 36. d6 Rd3 37. Rd1 Nh4+ 38. Kg1 Rg3+ 39. Kh2 Ne4 40. Rf2 Nf3+
41. Rxf3 gxf3 42. d7 Rg2+ 43. Kh3 Bf6 44. Nd5 Rg3+ 45. Kh2 Rg2+ 46. Kh3 Bd8 47.
Bb6 Rg3+ 48. Kh2 Rg2+ 49. Kh3 Rg8 50. Rf1 Bxb6 51. axb6 f2 52. f5 a5 53. Nc7 Rd8
54. Kg4 Rxd7 55. Nd5 a4 56. Kf4 Nd2 57. Rxf2 Nxc4 58. Rc2 Rxd5 59. Rxc4 Kf6 60.
Rc7 Rxf5+ 61. Ke4 Ke6 62. Rxb7 Rb5 63. Ra7 Rxb6 64. Rxa4 1/2-1/2

[Event "5th Classic Open 2013"]
[Site "London ENG"]
[Date "2013.12.08"]
[Round "2.27"]
[White "Tania, Sachdev"]
[Black "Bao, Qilin"]
[Result "1-0"]
[WhiteTitle "IM"]
[WhiteElo "2441"]
[BlackElo "2166"]
[WhiteFideId "5007844"]
[BlackFideId "8605750"]
[EventDate "2013.12.07"]

1. d4 Nf6 2. c4 c5 3. d5 e6 4. Nc3 exd5 5. cxd5 Bd6 6. Nf3 O-O 7. Bg5 Re8 8. e3
Bc7 9. Bd3 d6 10. Qc2 h6 11. Bh4 Nbd7 12. O-O a6 13. a4 Ba5 14. Ne4 Qe7 15. Rfd1
g5 16. Nxf6+ Nxf6 17. Bg3 Nh5 18. Nd2 Bg4 19. Rdc1 Bxd2 20. Qxd2 Nxg3 21. hxg3
Rac8 22. b4 Bd7 23. bxc5 dxc5 24. Qb2 b5 25. axb5 axb5 26. Ra7 Qd6 27. Bxb5 Bxb5
28. Qxb5 Qxd5 29. Qa6 Qe6 30. Qa4 Red8 31. Ra6 Rd6 32. Rxd6 Qxd6 33. Qc4 Qe6 34.
Qxe6 fxe6 35. Kf1 Kf7 36. Ke2 Kf6 37. Kd3 Rd8+ 38. Ke2 Ra8 39. g4 c4 40. Kd2
Rd8+ 41. Kc3 Rc8 42. Rh1 Kg6 43. Rd1 Ra8 44. Rd2 Kf6 45. Kb4 Ke5 46. f3 Rc8 47.
Kc3 Kf6 48. Ra2 Rh8 49. Kxc4 h5 50. gxh5 Rxh5 51. Kd4 Rh8 52. g4 Rh1 53. Ke4 Rb1
54. Ra4 Rg1 55. Ra8 Rb1 56. Rd8 Rb4+ 57. Rd4 Rb1 58. Ra4 Rg1 59. Ra8 Rb1 60.
Rf8+ Ke7 61. Rg8 Rb4+ 62. Kd3 Kf6 63. Rc8 Rb1 64. f4 Rg1 65. fxg5+ Kxg5 66. Ke4
Rxg4+ 67. Ke5 Ra4 68. Rg8+ Kh5 69. e4 Ra6 70. Kf6 Ra4 71. e5 Ra6 72. Re8 Kg4 73.
Rxe6 Ra5 74. Rb6 1-0

[Event "5th Classic Open 2013"]
[Site "London ENG"]
[Date "2013.12.08"]
[Round "2.28"]
[White "Ilfeld, Etan"]
[Black "Arkell, Keith C"]
[Result "0-1"]
[BlackTitle "GM"]
[WhiteElo "2178"]
[BlackElo "2438"]
[WhiteFideId "2803470"]
[BlackFideId "400270"]
[EventDate "2013.12.07"]

1. e4 c6 2. d4 d5 3. Nd2 dxe4 4. Nxe4 Nd7 5. Nf3 Ngf6 6. Nxf6+ Nxf6 7. Ne5 Be6
8. Be2 g6 9. O-O Bg7 10. c3 O-O 11. Re1 Nd7 12. Nxd7 Qxd7 13. Bf3 Rfe8 14. Bf4
h5 15. Qe2 Bg4 16. h3 Bxf3 17. Qxf3 Qd5 18. Qxd5 cxd5 19. Kf1 b5 20. a3 Bf6 21.
Ke2 g5 22. Bh2 h4 23. Kd3 Rec8 24. Be5 Kg7 25. a4 a6 26. Ra3 e6 27. Bxf6+ Kxf6
28. axb5 axb5 29. Rea1 Rab8 30. b4 Rg8 31. f3 Kf5 32. Ke3 Rgc8 33. Rf1 Rc7 34.
f4 g4 35. hxg4+ Kxg4 36. Rf3 Rbb7 37. Kf2 Ra7 38. Rxa7 Rxa7 39. f5 exf5 40. Re3
Ra2+ 41. Kf1 f6 42. Re6 Rc2 43. Rxf6 Rxc3 44. Rd6 h3 45. gxh3+ Kf3 46. Kg1 Rc1+
47. Kh2 Rc2+ 48. Kg1 Rg2+ 49. Kh1 Rd2 50. Rf6 Kg3 51. Rg6+ Kxh3 52. Rh6+ Kg3 53.
Rg6+ Kf3 54. Rb6 Rxd4 0-1

[Event "5th Classic Open 2013"]
[Site "London ENG"]
[Date "2013.12.08"]
[Round "2.29"]
[White "Josse, Mark"]
[Black "Cherniaev, Alexander"]
[Result "0-1"]
[BlackTitle "GM"]
[WhiteElo "2173"]
[BlackElo "2434"]
[WhiteFideId "414476"]
[BlackFideId "4117301"]
[EventDate "2013.12.07"]

1. d4 Nf6 2. c4 d6 3. Nc3 Nbd7 4. e4 e5 5. d5 Be7 6. Be3 h5 7. Nf3 h4 8. Be2 a6
9. Nd2 c5 10. a3 Nf8 11. b4 b6 12. Rb1 Ng6 13. Qb3 Nf4 14. Bxf4 exf4 15. bxc5
bxc5 16. Qb6 Qxb6 17. Rxb6 Bd8 18. Rb3 Ba5 19. Kd1 Kd8 20. h3 Re8 21. Bd3 Nd7
22. Nf3 Bxc3 23. Rxc3 Ne5 24. Nxe5 Rxe5 25. Rb3 Rg5 26. Rh2 Ke7 27. Rb6 f3 28.
gxf3 Rg1+ 29. Kd2 g5 30. Ke3 Re1+ 31. Kd2 Ra1 32. e5 dxe5 33. Be4 Ra7 34. d6+
Kd8 35. Rb8 Rd7 36. Rb6 f6 37. Kc2 Ra2+ 38. Kb3 Rd2 39. Bd5 Rh7 40. Kc3 Rd1 41.
Kc2 Rd4 42. Rb8 Rd7 43. Be6 R4xd6 44. Bxd7 Kxd7 45. Rh1 Kc7 46. Rb3 Bf5+ 47. Kc1
Rd4 48. Rc3 Kb6 49. Kb2 Rd2+ 50. Kb3 Bd7 51. Re3 Kc7 52. Kc3 Rxf2 53. Rd1 Bc6
54. Rdd3 Rh2 55. f4 gxf4 56. Re1 Rg2 57. Red1 Rg3 58. Kb2 Rxd3 59. Rxd3 f3 0-1

[Event "5th Classic Open 2013"]
[Site "London ENG"]
[Date "2013.12.08"]
[Round "2.30"]
[White "Pert, Richard G"]
[Black "Mende, Andreas"]
[Result "1-0"]
[WhiteTitle "IM"]
[BlackTitle "CM"]
[WhiteElo "2433"]
[BlackElo "2161"]
[WhiteFideId "404748"]
[BlackFideId "4631102"]
[EventDate "2013.12.07"]

1. d4 d5 2. c4 e6 3. Nf3 c5 4. cxd5 exd5 5. Nc3 Nc6 6. dxc5 d4 7. Na4 Bxc5 8.
Nxc5 Qa5+ 9. Bd2 Qxc5 10. Rc1 Qb6 11. e3 Nf6 12. Nxd4 Nxd4 13. exd4 O-O 14. Bc4
Bg4 15. Qb3 Rae8+ 16. Be3 Qa5+ 17. Qc3 Qh5 18. O-O b5 19. Bb3 Nd5 20. Bxd5 Qxd5
21. Qb3 Be6 22. Qxd5 Bxd5 23. b3 Rc8 24. Rc5 Rxc5 25. dxc5 Bc6 26. Rd1 Rc8 27.
f3 f6 28. Kf2 Kf7 29. b4 Ke7 30. Bf4 Kf7 31. h4 Re8 32. Rd6 Re6 33. Rd3 a6 34.
Bd6 Re8 35. Bf4 Re6 36. Ra3 Bb7 37. Ra5 Ke8 38. Bd6 Kd7 39. a4 Kc6 40. axb5+
axb5 41. Ra1 Re8 42. Rd1 Rd8 43. Re1 Rd7 44. Rd1 Rd8 45. h5 Bc8 46. g4 Be6 47.
Kg3 Bf7 48. Ra1 Kb7 49. Kf4 Bd5 50. Re1 Rd7 51. Re8 Bc4 52. Ke4 Rf7 53. Kd4 Kc6
54. Rc8+ Kb7 55. Re8 h6 56. Rf8 Rd7 57. Rb8+ Ka7 58. Re8 f5 59. Ke5 fxg4 60.
fxg4 Bf7 61. Re7 Rxe7+ 62. Bxe7 Be8 63. Bf8 g6 64. hxg6 Bxg6 65. Bxh6 Kb7 66.
Kf6 1-0

[Event "5th Classic Open 2013"]
[Site "London ENG"]
[Date "2013.12.08"]
[Round "2.31"]
[White "Bates, Caspar J"]
[Black "Zumsande, Martin"]
[Result "0-1"]
[BlackTitle "IM"]
[WhiteElo "2167"]
[BlackElo "2430"]
[WhiteFideId "414760"]
[BlackFideId "4651324"]
[EventDate "2013.12.07"]

1. d4 d5 2. c4 c6 3. e3 Nf6 4. Nc3 a6 5. Bd3 b5 6. cxd5 cxd5 7. Nge2 e6 8. O-O
Bb7 9. Bd2 Nbd7 10. Rc1 Bd6 11. f4 O-O 12. Ng3 Rc8 13. Qe2 Nb6 14. b3 Qe7 15.
Nb1 Ne4 16. Ba5 Nd7 17. Nxe4 dxe4 18. Bc2 f5 19. Bc3 Nf6 20. Bb2 Nd5 21. a4 Rc6
22. axb5 axb5 23. Nd2 Rfc8 24. Bb1 Ba6 25. Rxc6 Rxc6 26. Rc1 Rxc1+ 27. Bxc1 Ba3
28. Bxa3 Qxa3 29. Kf2 b4 30. Qh5 g6 31. Qd1 Nc3 32. Qe1 Qb2 33. Kg3 Kf7 34. Kh3
h6 35. Qf2 Nxb1 36. Qh4 Qxd2 37. Qd8 Qxe3+ 38. g3 Bf1+ 39. Kh4 g5+ 40. Kh5 Qe2+
41. Kxh6 Qxh2+ 42. Kxg5 Qxg3+ 0-1

[Event "5th Classic Open 2013"]
[Site "London ENG"]
[Date "2013.12.08"]
[Round "2.32"]
[White "Ahlander, Bjorn"]
[Black "Ethelontis, Alexandros N"]
[Result "1-0"]
[WhiteTitle "IM"]
[WhiteElo "2429"]
[BlackElo "2158"]
[WhiteFideId "1700251"]
[BlackFideId "405469"]
[EventDate "2013.12.07"]

1. c4 c5 2. Nf3 Nc6 3. d4 cxd4 4. Nxd4 Nf6 5. Nc3 e6 6. g3 Qb6 7. Nb3 Ne5 8. e4
Bb4 9. Qe2 d6 10. f4 Nc6 11. Bd2 O-O 12. Bg2 Re8 13. Rc1 a6 14. Be3 Qc7 15. O-O
Rb8 16. Rfd1 b6 17. e5 dxe5 18. fxe5 Nd7 19. Nb5 axb5 20. cxb5 Qxe5 21. bxc6 Nc5
22. Nd4 Ba6 23. Qf3 Nd3 24. c7 Rbc8 25. Nc6 Qxc7 26. Nxb4 Nxc1 27. Nxa6 Qa7 28.
Nb4 Qa4 29. a3 Nb3 30. Bxb6 Nc5 31. Rf1 f6 32. Qe2 Qd7 33. Rd1 Qa4 34. Rc1 Nb3
35. Rxc8 1-0

[Event "5th Classic Open 2013"]
[Site "London ENG"]
[Date "2013.12.08"]
[Round "2.33"]
[White "Stanisz, Patryk"]
[Black "Sarkar, Justin"]
[Result "1/2-1/2"]
[BlackTitle "IM"]
[WhiteElo "2165"]
[BlackElo "2425"]
[WhiteFideId "1123106"]
[BlackFideId "2010011"]
[EventDate "2013.12.07"]

1. d4 Nf6 2. c4 g6 3. Nc3 d5 4. Nf3 Bg7 5. Qb3 dxc4 6. Qxc4 O-O 7. Bf4 c6 8. e4
b5 9. Qb3 Qa5 10. Bd2 b4 11. Na4 Nxe4 12. Bxb4 Qc7 13. Bd3 Be6 14. Qc2 Nd6 15.
O-O a5 16. Bd2 Nf5 17. d5 Bxd5 18. Bxf5 Bxf3 19. gxf3 gxf5 20. Qxf5 Nd7 21. Rae1
Ne5 22. Qf4 Rfd8 23. Be3 Rd6 24. Qe4 Qd7 25. Kh1 Qh3 26. Bf4 f5 27. Qe2 Rd4 28.
Bxe5 Bxe5 29. Rg1+ Kf7 30. Rg2 Rg8 31. Reg1 Rg6 32. f4 Bxf4 33. f3 Rxg2 34. Rxg2
Rxa4 35. Rg7+ Kxg7 36. Qxe7+ Kg6 37. Qe6+ Kg7 38. Qe7+ Kg6 39. Qe6+ Kg7 1/2-1/2

[Event "5th Classic Open 2013"]
[Site "London ENG"]
[Date "2013.12.08"]
[Round "2.34"]
[White "Haria, Ravi"]
[Black "McDonald, Neil"]
[Result "0-1"]
[BlackTitle "GM"]
[WhiteElo "2160"]
[BlackElo "2418"]
[WhiteFideId "415820"]
[BlackFideId "400629"]
[EventDate "2013.12.07"]

1. e4 e6 2. d4 d5 3. Nd2 Nf6 4. e5 Nfd7 5. Bd3 c5 6. c3 Nc6 7. Ngf3 f5 8. exf6
Nxf6 9. Ne5 cxd4 10. cxd4 Nxd4 11. O-O Bc5 12. b4 Bd6 13. Qa4+ Bd7 14. Nxd7 Qxd7
15. b5 e5 16. Bb2 Ne6 17. Bf5 O-O 18. Rfe1 e4 19. Qb3 Rae8 20. Rad1 Qf7 21. f3
Nc5 22. Qc2 Nd3 23. Re2 Qh5 24. g4 Qh3 25. Bxf6 Nf4 26. Nxe4 Qxf3 27. Rg2 dxe4
28. Qc4+ Kh8 0-1

[Event "5th Classic Open 2013"]
[Site "London ENG"]
[Date "2013.12.08"]
[Round "2.35"]
[White "Ociepka, Adrian"]
[Black "Cox, John J"]
[Result "0-1"]
[BlackTitle "IM"]
[WhiteElo "2157"]
[BlackElo "2382"]
[WhiteFideId "1141937"]
[BlackFideId "401064"]
[EventDate "2013.12.07"]

1. d4 f5 2. Nf3 Nf6 3. g3 g6 4. Bg2 Bg7 5. O-O O-O 6. c4 d6 7. Nc3 c6 8. Rb1 a5
9. a3 Ne4 10. Qc2 Nxc3 11. bxc3 e5 12. a4 e4 13. Nd2 Qc7 14. Rd1 Nd7 15. Ba3 Re8
16. Nf1 b6 17. Qa2 Ba6 18. e3 Rab8 19. Nd2 c5 20. Bf1 h5 21. h4 Nf6 22. Bc1 Bh6
23. Rb2 Rec8 24. Rc2 Ng4 25. Nb1 g5 26. hxg5 Bxg5 27. Na3 h4 28. Nb5 Bxb5 29.
cxb5+ c4 30. gxh4 d5 31. f4 exf3 32. hxg5 Qg3+ 33. Bg2 Qh2+ 34. Kf1 fxg2+ 35.
Rxg2 Qh1+ 36. Rg1 Qf3+ 37. Ke1 Nxe3 38. Qe2 Qxe2+ 39. Kxe2 Nxd1 40. Kxd1 Re8 41.
Bf4 Rb7 42. Rh1 Rh7 43. Rf1 Rh3 44. Be5 Rxc3 45. Rxf5 Rf8 46. Bf6 Rd3+ 47. Kc2
Re8 48. Be5 Re6 49. Rf2 Ra3 50. Kb2 Rxa4 51. Rh2 Rb4+ 52. Kc2 Rxb5 0-1

[Event "5th Classic Open 2013"]
[Site "London ENG"]
[Date "2013.12.08"]
[Round "2.36"]
[White "Fernandez, Daniel Howard"]
[Black "Willmoth, Robert F"]
[Result "1-0"]
[WhiteTitle "IM"]
[WhiteElo "2381"]
[BlackElo "2157"]
[WhiteFideId "5801605"]
[BlackFideId "402540"]
[EventDate "2013.12.07"]

1. d4 d6 2. Nf3 Bg4 3. g3 Bxf3 4. exf3 g6 5. Bg2 Bg7 6. O-O e6 7. d5 Nf6 8. dxe6
fxe6 9. Re1 Kf7 10. f4 Nc6 11. Nd2 Re8 12. Nf3 Qd7 13. c3 Re7 14. Qb3 Nd8 15.
Bh3 Kg8 16. f5 gxf5 17. Bxf5 d5 18. Bh3 c6 19. Be3 Nf7 20. Rad1 b6 21. Ng5 Rae8
22. Qa4 Qd6 23. c4 e5 24. Nxf7 Rxf7 25. cxd5 cxd5 26. Bg5 Rd8 27. Rc1 Rc7 28.
Rxc7 Qxc7 29. Rc1 Qf7 30. Rc6 Kh8 31. Qc2 e4 32. Rc8 Rf8 33. Rxf8+ Qxf8 34. Qc6
Qd8 35. Be6 d4 36. Bxf6 Bxf6 37. Qxe4 d3 38. Bd5 d2 39. Qd3 Bxb2 40. Qxd2 Qf6
41. Kg2 Bd4 42. Qe2 Bc5 43. Qe8+ Qf8 44. Qxf8+ Bxf8 45. f4 Kg7 46. g4 h6 47. h4
b5 48. Kf3 a5 49. Bc6 b4 50. g5 Bc5 51. Kg4 hxg5 52. fxg5 Bd4 53. Ba4 Be3 54. h5
Kh7 55. Bc2+ Kh8 56. h6 Bd2 57. Kh5 a4 58. g6 b3 59. g7+ Kg8 60. axb3 a3 61. b4 1-0

[Event "5th Classic Open 2013"]
[Site "London ENG"]
[Date "2013.12.08"]
[Round "2.37"]
[White "Okike, David"]
[Black "Karavade, Eesha"]
[Result "1/2-1/2"]
[BlackTitle "IM"]
[WhiteElo "2150"]
[BlackElo "2380"]
[WhiteFideId "8500134"]
[BlackFideId "5012600"]
[EventDate "2013.12.07"]

1. e4 c5 2. Nf3 d6 3. d4 cxd4 4. Nxd4 Nf6 5. Nc3 a6 6. Bg5 e6 7. f3 Be7 8. Qd2
Nbd7 9. O-O-O Qc7 10. h4 b5 11. Bxb5 axb5 12. Ndxb5 Qb8 13. Nxd6+ Qxd6 14. Qxd6
Bxd6 15. Rxd6 h6 16. Bf4 e5 17. Be3 Bb7 18. b3 Ke7 19. Rhd1 Ra6 20. Rxa6 Bxa6
21. Kb2 Rc8 22. a4 Rb8 23. Rd2 Ke6 24. Ka3 Ne8 25. Nd5 Rc8 26. c4 Nd6 27. Kb4
Rb8+ 28. Kc3 Rc8 29. Kb4 Rb8+ 30. Kc3 Rc8 31. Rd1 f5 32. exf5+ Nxf5 33. Bf2 Nd6
34. Kb4 Rb8+ 35. Kc3 Rc8 36. Kb4 Rb8+ 37. Kc3 Rc8 1/2-1/2

[Event "5th Classic Open 2013"]
[Site "London ENG"]
[Date "2013.12.08"]
[Round "2.38"]
[White "Ansell, Simon T"]
[Black "Lee, Kai Jie Edward"]
[Result "1-0"]
[WhiteTitle "IM"]
[WhiteElo "2374"]
[BlackElo "2145"]
[WhiteFideId "402141"]
[BlackFideId "5802920"]
[EventDate "2013.12.07"]

1. e4 c5 2. Nf3 e6 3. d3 d5 4. Qe2 Nc6 5. g3 Nf6 6. Bg2 Be7 7. O-O O-O 8. e5 Nd7
9. c4 Re8 10. Nc3 f6 11. exf6 Bxf6 12. Re1 Re7 13. Bg5 Bxg5 14. Nxg5 Nf6 15. Nf3
Bd7 16. Rad1 Qb6 17. Qd2 Qb4 18. cxd5 exd5 19. Rxe7 Nxe7 20. d4 c4 21. Ne5 Be8
22. g4 Qd6 23. a4 a6 24. a5 Rb8 25. Ra1 Nd7 26. f4 Nxe5 27. fxe5 Qe6 28. h3 Bc6
29. Rf1 b5 30. axb6 Rxb6 31. Nd1 Bb5 32. Rf2 Ba4 33. Ne3 Be8 34. Qa5 Rb5 35. Qa3
Bf7 36. Nf5 Nc8 37. Qe3 h6 38. Nxg7 Qg6 39. Nf5 Rb6 40. Qa3 Qe6 41. Qa5 Qd7 42.
Nd6 Rxd6 43. exd6 Qxd6 44. Qd2 Qg6 45. Qf4 Nd6 46. Qe5 Ne4 47. Bxe4 Qxe4 48.
Qxe4 dxe4 49. Rf4 Bg6 50. Kf2 a5 51. Ke3 a4 52. d5 Bf7 53. d6 Be6 54. Kxe4 c3
55. bxc3 a3 56. Rf1 1-0